| 000 | 00965nam a2200241 i 4500 | ||
|---|---|---|---|
| 001 | 87055 | ||
| 003 | ES-MaACL | ||
| 005 | 20230906175600.0 | ||
| 007 | t| | ||
| 008 | 041217s1967 mx ||||1| spa d | ||
| 100 | 1 |
_aKock, M. H. de. _968420 |
|
| 245 | 1 | 0 |
_aBanca Central / _cM.H. de Kock ; versión española de Eduardo Villaseñor ; con un apéndice sobre el Banco de México por Raul Martínez Ostos y otro sobre el Banco Central de la República Argentina por Jeús Prados Arrarte. |
| 250 | _a2ª ed. amp. corr. | ||
| 260 |
_aMéxico : _bFondo de Cultura Económica de México, _c[1947] ( _fGráfica Panamericana S. R.L.) |
||
| 300 |
_a568 p. ; _c20 cm. |
||
| 490 | 1 | _aSección de obras de economía | |
| 700 | 1 |
_aMartínez Ostos, Raul. _9184020 |
|
| 700 | 1 |
_aPrados Arrarte, Jesús. _993635 |
|
| 700 | 1 |
_aVillaseñor, Eduardo. _9115157 |
|
| 830 | 0 |
_aSección de obras de economía _9179924 |
|
| 852 |
_aES-MaACL _jC-4825 _bR.25414 |
||
| 999 |
_c87055 _d87055 |
||